000 00904nam a2200217Ia 4500
999 _c46154
_d46154
001 12986
003 GE_BSU
005 20230213165546.0
008 181216s2009||||ge |||||||||||||| || ||
020 _a9789941131134
040 _cGE_BSU
041 _ageo
080 _a1(075.8)+165(075.8) ნ-99
100 _aნუცუბიძე, შალვა
_93684
245 _aფილოსოფიის შესავალი = Introduction to Philosophy : The problem of kognition
_b შემეცნების პრობლემა /
_cშალვა ნუცუბიძე.
264 _aთბილისი :
_bთბილისის უნ-ტის გამ-ბა,
_c2009.
300 _a189 გვ. :
_c20 სმ.
653 _aფილოსოფიის შესავალი
653 _aშემეცნების პრობლემა
942 _cBK
_2udc